<?xml version="1.0" encoding="UTF-8"?>
<record
    xmlns:xsi="http://www.w3.org/2001/XMLSchema-instance"
    xsi:schemaLocation="http://www.loc.gov/MARC21/slim http://www.loc.gov/standards/marcxml/schema/MARC21slim.xsd"
    xmlns="http://www.loc.gov/MARC21/slim">

  <leader>01247cam a2200349 a 4500</leader>
  <controlfield tag="001">17767856</controlfield>
  <controlfield tag="003">OSt</controlfield>
  <controlfield tag="005">20240801151350.0</controlfield>
  <controlfield tag="008">120118s2011    su            000 m ara d</controlfield>
  <datafield tag="010" ind1=" " ind2=" ">
    <subfield code="a">  2013312481</subfield>
  </datafield>
  <datafield tag="020" ind1=" " ind2=" ">
    <subfield code="a">9789953541402</subfield>
  </datafield>
  <datafield tag="035" ind1=" " ind2=" ">
    <subfield code="a">(OCoLC)ocn773193069</subfield>
  </datafield>
  <datafield tag="040" ind1=" " ind2=" ">
    <subfield code="a">CGU</subfield>
    <subfield code="c">TEF</subfield>
    <subfield code="d">DLC</subfield>
  </datafield>
  <datafield tag="042" ind1=" " ind2=" ">
    <subfield code="a">lccopycat</subfield>
    <subfield code="a">lcode</subfield>
  </datafield>
  <datafield tag="050" ind1="0" ind2="0">
    <subfield code="a">PJ7601</subfield>
    <subfield code="b">.Q87 2011</subfield>
  </datafield>
  <datafield tag="066" ind1=" " ind2=" ">
    <subfield code="c">(3</subfield>
  </datafield>
  <datafield tag="082" ind1=" " ind2=" ">
    <subfield code="a">892.7</subfield>
    <subfield code="b">QUR/A</subfield>
  </datafield>
  <datafield tag="100" ind1="1" ind2=" ">
    <subfield code="a">Quran&#x12B;, &#x2BB;&#x100;&#x2BC;i&#x1E0D;</subfield>
    <subfield code="6">880-01</subfield>
    <subfield code="9">9743</subfield>
  </datafield>
  <datafield tag="245" ind1="1" ind2="3">
    <subfield code="6">880-02</subfield>
    <subfield code="a">al-Us&#x1E6D;&#x16B;rah /</subfield>
    <subfield code="c">ta&#x2BC;l&#x12B;f &#x2BB;&#x100;&#x2BC;i&#x1E0D; al-Qarn&#x12B;.</subfield>
  </datafield>
  <datafield tag="250" ind1=" " ind2=" ">
    <subfield code="6">880-03</subfield>
    <subfield code="a">al-&#x1E6C;ab&#x2BB;ah 2.</subfield>
  </datafield>
  <datafield tag="260" ind1=" " ind2=" ">
    <subfield code="6">880-04</subfield>
    <subfield code="a">Jiddah :</subfield>
    <subfield code="b">D&#x101;r al-Minh&#x101;j,</subfield>
    <subfield code="c">2011</subfield>
  </datafield>
  <datafield tag="300" ind1=" " ind2=" ">
    <subfield code="a">848 p. ;</subfield>
    <subfield code="c">25 cm.</subfield>
  </datafield>
  <datafield tag="650" ind1=" " ind2="0">
    <subfield code="a">Arabic literature.</subfield>
  </datafield>
  <datafield tag="650" ind1=" " ind2="0">
    <subfield code="a">Arabic language</subfield>
    <subfield code="v">Readers.</subfield>
  </datafield>
  <datafield tag="880" ind1="1" ind2=" ">
    <subfield code="6">100-01/(3/r&#x200F;</subfield>
    <subfield code="a">&#x200F;&#x642;&#x631;&#x646;&#x64A;&#x60C; &#x639;&#x627;&#x626;&#x636;.</subfield>
  </datafield>
  <datafield tag="880" ind1="1" ind2="2">
    <subfield code="6">245-02/(3/r&#x200F;</subfield>
    <subfield code="a">&#x200F;&#x627;&#x644;&#x623;&#x633;&#x637;&#x648;&#x631;&#x629; /&#x200F;</subfield>
    <subfield code="c">&#x200F;&#x62A;&#x623;&#x644;&#x64A;&#x641; &#x639;&#x627;&#x626;&#x636; &#x627;&#x644;&#x642;&#x631;&#x646;&#x64A;.</subfield>
  </datafield>
  <datafield tag="880" ind1=" " ind2=" ">
    <subfield code="6">250-03/(3/r&#x200F;</subfield>
    <subfield code="a">&#x200F;&#x627;&#x644;&#x637;&#x628;&#x639;&#x629; 2.</subfield>
  </datafield>
  <datafield tag="880" ind1=" " ind2=" ">
    <subfield code="6">260-04/(3/r&#x200F;</subfield>
    <subfield code="a">&#x200F;&#x62C;&#x62F;&#x629; :&#x200F;</subfield>
    <subfield code="b">&#x200F;&#x62F;&#x627;&#x631; &#x627;&#x644;&#x645;&#x646;&#x647;&#x627;&#x62C;&#x60C;&#x200F;</subfield>
    <subfield code="c">&#x200F;&#x202B;2011&#x202C;.</subfield>
  </datafield>
  <datafield tag="906" ind1=" " ind2=" ">
    <subfield code="a">7</subfield>
    <subfield code="b">cbc</subfield>
    <subfield code="c">copycat</subfield>
    <subfield code="d">3</subfield>
    <subfield code="e">ncip</subfield>
    <subfield code="f">20</subfield>
    <subfield code="g">y-nonroman</subfield>
  </datafield>
  <datafield tag="942" ind1=" " ind2=" ">
    <subfield code="2">ddc</subfield>
    <subfield code="c">BK</subfield>
    <subfield code="h">892.7</subfield>
    <subfield code="i">QUR/A</subfield>
    <subfield code="k">892.7</subfield>
    <subfield code="m">QUR/A</subfield>
  </datafield>
  <datafield tag="952" ind1=" " ind2=" ">
    <subfield code="0">0</subfield>
    <subfield code="1">0</subfield>
    <subfield code="2">ddc</subfield>
    <subfield code="4">0</subfield>
    <subfield code="7">0</subfield>
    <subfield code="8">LIT</subfield>
    <subfield code="a">MES</subfield>
    <subfield code="b">MES</subfield>
    <subfield code="c">ARB</subfield>
    <subfield code="d">2023-10-17</subfield>
    <subfield code="l">0</subfield>
    <subfield code="o">892.7 QUR/A</subfield>
    <subfield code="p">42944</subfield>
    <subfield code="r">2023-10-17 16:18:34</subfield>
    <subfield code="w">0000-00-00</subfield>
    <subfield code="y">BK</subfield>
    <subfield code="z">GR5R1</subfield>
  </datafield>
  <datafield tag="999" ind1=" " ind2=" ">
    <subfield code="c">42703</subfield>
    <subfield code="d">42703</subfield>
  </datafield>
</record>
